<?xml version="1.0" encoding="UTF-8"?>
<record
    xmlns:xsi="http://www.w3.org/2001/XMLSchema-instance"
    xsi:schemaLocation="http://www.loc.gov/MARC21/slim http://www.loc.gov/standards/marcxml/schema/MARC21slim.xsd"
    xmlns="http://www.loc.gov/MARC21/slim">

  <leader>02156nam a22002057a 4500</leader>
  <controlfield tag="008">120814t        xxu||||| |||| 00| 0 eng d</controlfield>
  <datafield tag="020" ind1=" " ind2=" ">
    <subfield code="a">0071158189</subfield>
  </datafield>
  <datafield tag="050" ind1=" " ind2=" ">
    <subfield code="a">HF56.35.L32</subfield>
  </datafield>
  <datafield tag="100" ind1=" " ind2=" ">
    <subfield code="a">Larson, Kermit D.</subfield>
  </datafield>
  <datafield tag="245" ind1=" " ind2=" ">
    <subfield code="a">Fundamental accounting principles. /</subfield>
    <subfield code="c">Kermit D. Larson, John J. Wild and Barbara Chiappetta</subfield>
  </datafield>
  <datafield tag="250" ind1=" " ind2=" ">
    <subfield code="a">15th ed.</subfield>
  </datafield>
  <datafield tag="260" ind1=" " ind2=" ">
    <subfield code="a">London:</subfield>
    <subfield code="b">Irwin McGraw Hill,</subfield>
    <subfield code="c">c1999.</subfield>
  </datafield>
  <datafield tag="300" ind1=" " ind2=" ">
    <subfield code="a">xxxii, 1136p+various pagings.:</subfield>
    <subfield code="b">ill. ;</subfield>
    <subfield code="c">28cm.</subfield>
  </datafield>
  <datafield tag="500" ind1=" " ind2=" ">
    <subfield code="a">Includes index</subfield>
  </datafield>
  <datafield tag="505" ind1=" " ind2=" ">
    <subfield code="a">Contents: Financial reporting and the accounting cycle: Accounting in the information age -- Financial statements and accounting transactions -- Analyzing and recording transactions -- Adjusting accounts for financial statements -- Completing the accounting cycle -- Accounting for operating activities: Accounting for mechandising activities -- Merchandise inventories and cost of sales -- Accounting information systems -- Accounting for investing and financing activities: Internal control and cash -- Receivables and short-term investments -- Plant assets, natural resources, and intangible assets -- Current and long-term liabilities -- Accounting for partnerships and corporations: Partnerships and corporations -- Corporate reporting: dividends, stock and income -- Bonds and long-term notes payable -- Long-term investments and international accounting -- Analysis of accounting information: Reporting and analyzing cash flows -- Analyzing financial statements -- Managerial accounting and product costing: Managerial accounting concepts and principles -- Manufacturing and job order cost accounting -- Process cost accounting -- Cost allocation and performance measurement -- Cost planning and control: Cost-volume-profit analysis -- Master budgets and planning -- Flexible budgets and standard costs -- Strategic analysis in managerial and cost accounting: Capital budgeting and managerial decisions -- Appendix A: financial statements -- Appendix B: accounting concepts and alternative valuations -- Appendix C: present and future values.</subfield>
  </datafield>
  <datafield tag="650" ind1=" " ind2=" ">
    <subfield code="b">Accounting</subfield>
  </datafield>
  <datafield tag="700" ind1=" " ind2=" ">
    <subfield code="a">Wild, John J.</subfield>
  </datafield>
  <datafield tag="700" ind1=" " ind2=" ">
    <subfield code="a">Chiappetta, Barbara</subfield>
  </datafield>
  <datafield tag="942" ind1=" " ind2=" ">
    <subfield code="2">lcc</subfield>
    <subfield code="c">BK</subfield>
  </datafield>
  <datafield tag="999" ind1=" " ind2=" ">
    <subfield code="c">2014</subfield>
    <subfield code="d">9514</subfield>
  </datafield>
  <datafield tag="952" ind1=" " ind2=" ">
    <subfield code="0">0</subfield>
    <subfield code="1">0</subfield>
    <subfield code="2">lcc</subfield>
    <subfield code="4">0</subfield>
    <subfield code="7">0</subfield>
    <subfield code="a">WIUC-1</subfield>
    <subfield code="b">WIUC-1</subfield>
    <subfield code="c">GEN</subfield>
    <subfield code="d">2012-08-14</subfield>
    <subfield code="l">0</subfield>
    <subfield code="o">HF56.35.L32</subfield>
    <subfield code="p">3665/12</subfield>
    <subfield code="r">2012-08-14 00:00:00</subfield>
    <subfield code="w">2012-08-14</subfield>
    <subfield code="y">BK</subfield>
  </datafield>
</record>
